000 00432nam a2200181Ia 4500
003 OSt
005 20260325155237.0
008 250729s2007 xx 000 0 und d
040 _cAL
041 _akan
082 _a370.7 DASP
100 _aG.N.Desayi
_9230503
245 _aPoorva prathamika shikshana
260 _aGadaga
_bVidyanidhi Prakashana
_c2007
300 _a323p
650 _aEducation
_9230504
942 _2ddc
_cBED
999 _c238814
_d238814